Turkey guide for businessmen.

Bibliographic Details
Format: Book
Published: Ankara: iGEME-Export Promotion Centre of Turkey, 2010.
Subjects:
LEADER 00521cam a2200157 7i4500
001 0000026498
005 20110817090000.0
090 0 0 |a TUR 346.561   |b TUR 
245 0 0 |a Turkey guide for businessmen. 
260 0 0 |a Ankara:   |b iGEME-Export Promotion Centre of Turkey,   |c 2010. 
300 # # |a 124p. 
650 0 0 |a Turkey --   |x Economic conditions  
650 0 0 |a Turkey --   |x Commercial policy  
651 0 0 |a Turkey  
999 |a B000028779  |b Book  |c Countries  |e Business Information Centre 
999 |a 0000028779  |b Book  |c Countries  |e Business Information Centre